Statistics for Most Expensive Transfers from AS Monaco

Click here to take the quiz!

General Stats

  • This quiz has been taken 61 times
    (10 since last reset)
  • The average score is 8 of 24

Answer Stats

SumToSeasonPlayer Name% Correct
180.00mParis SG'18-'19Kylian Mbappé
100%
75.00mReal Madrid'14-'15James Rodríguez
90%
50.00mMan City'17-'18Bernardo Silva
80%
45.00mLiverpool'18-'19Fabinho
80%
80.00mReal Madrid'22-'23Aurélien Tchouameni
70%
60.00mMan Utd'15-'16Anthony Martial
60%
57.50mMan City'17-'18Benjamin Mendy
50%
38.00mChelsea'22-'23Benoît Badiashile
50%
12.50mJuventus'98-'99Thierry Henry
50%
72.00mAtlético Madrid'18-'19Thomas Lemar
50%
40.00mChelsea'17-'18Tiemoué Bakayoko
40%
45.00mChelsea'23-'24Axel Disasi
20%
45.00mLeicester'19-'20Youri Tielemans
20%
11.70mMan Utd'00-'01Fabien Barthez
10%
36.00mInter'15-'16Geoffrey Kondogbia
10%
25.00mParis SG'15-'16Layvin Kurzawa
10%
26.25mBarcelona'97-'98Sonny Anderson
10%
23.24mJuventus'00-'01David Trézéguet
0%
3.75mArsenal'97-'98Emmanuel Petit
0%
6.50mParis SG'92-'93George Weah
0%
2.75mTottenham'94-'95Jürgen Klinsmann
0%
8.00mMan Utd'05-'06Patrice Evra
0%
25.00mSevilla'19-'20Rony Lopes
0%
9.00mBarcelona'07-'08Yaya Touré
0%

Score Distribution

Percentile by Number Answered

Percent of People with Each Score

Your Score History

You have not taken this quiz since the last reset